| 000 | 00599cam a22001937a 4500 | ||
|---|---|---|---|
| 008 | 180718b2001 xxu||||| |||| 00| 0 eng d | ||
| 020 | _a0700713891 | ||
| 082 | _aAB45 Sh11 | ||
| 245 |
_aSikh religion, culture and ethnicity _cedited by Christopher Shackle, Gurharpal Singh and Arvind-Pal Mandair |
||
| 260 |
_aRichmond _bCurzon Press _c2001 |
||
| 300 | _a220p. | ||
| 650 | _aReligion and culture | ||
| 650 | _aEthnicity | ||
| 650 | _aSikh - Ethnic identity | ||
| 650 | _aSikhism - India | ||
| 700 | _aMandair, Arvind-Pal Singh | ||
| 700 | _aSingh, Gurharpal | ||
| 700 | _aShackle, Christopher | ||
| 999 |
_c396965 _d396965 |
||